000 00529nam a2200193Ia 4500
005 20250508151145.0
008 008 250505s9999 xx 000 0 eng d
037 _aTextual
040 _aFEDL
_beng
_cFEDL
041 _aeng
_2eng
084 _a352.042, HAS
_qFEDL
100 _aHasluck E. L.
_9107961
245 0 _aLocal government
260 _aLondon, UK
_bOxford Univeristy Press
_c1950
300 _a60p
490 _aSocial science studies
942 _cTEXL
_h352.042, HAS
999 _c1327952
_d1327952